[Event "Montigny le Bretonneux op 22nd"]
[Site "Montigny le Bretonneux"]
[Date "2018.05.12"]
[Round "4"]
[White "Privat, Jean Claude"]
[Black "Rayeh, Anas"]
[Result "1-0"]
[WhiteElo "1605"]
[BlackElo "1204"]
[PlyCount "65"]
[EventDate "2018.05.10"]
[EventType "swiss"]
[EventRounds "9"]
[EventCountry "FRA"]
[SourceTitle "CBM 184 Extra"]
[Source "ChessBase"]
[SourceDate "2018.06.28"]
[SourceVersion "1"]
[SourceVersionDate "2018.06.28"]
[SourceQuality "1"]

1. d4 d6 2. c4 g6 3. Nc3 Nf6 4. e4 Bg7 5. Nf3 0-0 6. Be2 e5 7. 0-0 Bg4 8. d5 Nbd7 9. Nd2 Bh5 10. g4 Bxg4 11. Bxg4 Nxg4 12. Qxg4 Nc5 13. Qg3 Bh6 14. Nb3 Bxc1 15. Rfxc1 Nxb3 16. axb3 Qd7 17. Rf1 f5 18. f3 f4 19. Qg4 Qxg4+ 20. fxg4 h5 21. gxh5 gxh5 22. Kf2 Kh7 23. Rg1 Rg8 24. Rxg8 Rxg8 25. Rg1 Rxg1 26. Kxg1 c5 27. Nb5 b6 28. Nxd6 Kg6 29. h4 Kf6 30. Kf2 Ke7 31. Nc8+ Kd7 32. Nxa7 Kc7 33. Nc6 1-0

[Event "Montigny le Bretonneux op 22nd"]
[Site "Montigny le Bretonneux"]
[Date "2018.05.10"]
[Round "3"]
[White "Rayeh, Anas"]
[Black "Charalambides, Tom"]
[Result "1-0"]
[WhiteElo "1204"]
[BlackElo "1009"]
[PlyCount "201"]
[EventDate "2018.05.10"]
[EventType "swiss"]
[EventRounds "9"]
[EventCountry "FRA"]
[SourceTitle "CBM 184 Extra"]
[Source "ChessBase"]
[SourceDate "2018.06.28"]
[SourceVersion "1"]
[SourceVersionDate "2018.06.28"]
[SourceQuality "1"]

1. e4 e5 2. Nf3 d6 3. Nc3 Be7 4. Bc4 Be6 5. Bb3 Bxb3 6. axb3 Nf6 7. 0-0 Ng4 8. d3 h5 9. Bg5 Bxg5 10. Nxg5 Qxg5 11. h3 Nf6 12. Qf3 Qd2 13. Rac1 Qf4 14. Qxf4 exf4 15. d4 c5 16. dxc5 dxc5 17. e5 Nfd7 18. Rcd1 Nxe5 19. Nd5 Kd8 20. Nxf4+ Kc8 21. c3 c4 22. bxc4 Nxc4 23. b3 Nb2 24. Rd5 Rd8 25. Rc5+ Nc6 26. b4 Nd3 27. Nxd3 Rxd3 28. b5 Rd6 29. Re1 Kc7 30. Re7+ Rd7 31. Rxd7+ Kxd7 32. bxc6+ bxc6 33. Rxh5 a5 34. Rh4 a4 35. Rd4+ Kc7 36. Rd2 a3 37. Ra2 Kd6 38. Kf1 Kd5 39. Ke2 Kc4 40. Kd2 Rd8+ 41. Kc2 Ra8 42. Ra1 a2 43. Kb2 f5 44. g4 g6 45. gxf5 gxf5 46. h4 Kd3 47. h5 f4 48. h6 f3 49. Rxa2 Rxa2+ 50. Kxa2 Ke2 51. h7 Kxf2 52. h8Q Kg2 53. Qg8+ Kh2 54. Qg4 f2 55. Qh4+ Kg1 56. Qg3+ Kf1 57. c4 Ke2 58. Qe5+ Kd2 59. Qd4+ Ke1 60. Qe3+ Kf1 61. Kb3 Kg2 62. Qg5+ Kf3 63. Qf5+ Ke2 64. Qe6+ Kf3 65. Qxc6+ Ke2 66. Qe4+ Kf1 67. c5 Kg1 68. Qg4+ Kh1 69. Qh4+ Kg1 70. Qxf2+ Kxf2 71. c6 Ke3 72. c7 Kd4 73. c8Q Kd5 74. Kb4 Kd6 75. Kb5 Ke7 76. Kc6 Kf7 77. Qd8 Kg7 78. Kd6 Kg6 79. Qf8 Kg5 80. Ke6 Kh4 81. Ke5 Kg3 82. Ke4 Kg4 83. Ke3 Kg5 84. Ke4 Kg4 85. Qg8+ Kh3 86. Kf5 Kh2 87. Kf4 Kh3 88. Kf3 Kh4 89. Kf4 Kh5 90. Kf5 Kh6 91. Kf6 Kh5 92. Kf5 Kh4 93. Kf4 Kh5 94. Kf5 Kh4 95. Kf6 Kh3 96. Kf5 Kh2 97. Qg7 Kh1 98. Kf4 Kh2 99. Kf3 Kh1 100. Kf2 Kh2 101. Qg2# 1-0

[Event "Montigny le Bretonneux op 22nd"]
[Site "Montigny le Bretonneux"]
[Date "2018.05.10"]
[Round "2"]
[White "Sondermeijer, Damien"]
[Black "Rayeh, Anas"]
[Result "1-0"]
[WhiteElo "1414"]
[BlackElo "1204"]
[PlyCount "55"]
[EventDate "2018.05.10"]
[EventType "swiss"]
[EventRounds "9"]
[EventCountry "FRA"]
[SourceTitle "CBM 184 Extra"]
[Source "ChessBase"]
[SourceDate "2018.06.28"]
[SourceVersion "1"]
[SourceVersionDate "2018.06.28"]
[SourceQuality "1"]

1. e4 e5 2. Nf3 Nc6 3. Bc4 Nf6 4. d3 d6 5. Nc3 g6 6. 0-0 Bg7 7. Bg5 0-0 8. Qd2 Bg4 9. Qe3 Nd4 10. Nxd4 exd4 11. Qxd4 h6 12. Bxf6 Bxf6 13. Qe3 Kg7 14. h3 Bxc3 15. bxc3 Be6 16. Qd4+ Kg8 17. Bb3 Qh4 18. Qe3 f5 19. Bxe6+ Kg7 20. exf5 gxf5 21. Rab1 f4 22. Qd4+ Rf6 23. Rxb7 Raf8 24. Rxc7+ Kg6 25. Qe4+ Kh5 26. Bg4+ Kg5 27. Rg7+ Rg6 28. Rxg6# 1-0

[Event "Montigny le Bretonneux Noel op 18th"]
[Site "Montigny le Bretonneux"]
[Date "2017.12.28"]
[Round "4"]
[White "Guedira, Aymen"]
[Black "Rayeh, Anas"]
[Result "1-0"]
[WhiteElo "1804"]
[BlackElo "1060"]
[PlyCount "69"]
[EventDate "2017.12.26"]
[EventType "swiss"]
[EventRounds "7"]
[EventCountry "FRA"]
[SourceTitle "CBM 182 Extra"]
[Source "ChessBase"]
[SourceDate "2018.02.23"]
[SourceVersion "1"]
[SourceVersionDate "2018.02.23"]
[SourceQuality "1"]

1. e4 e5 2. Nf3 Nc6 3. Bc4 Nf6 4. d3 Bc5 5. c3 0-0 6. b4 Bb6 7. a4 a6 8. 0-0 d6 9. Nbd2 Bg4 10. h3 Be6 11. Bxe6 fxe6 12. Qb3 Re8 13. Nc4 Ba7 14. b5 Ne7 15. Be3 d5 16. Ncxe5 Bxe3 17. fxe3 Nh5 18. Ng5 Rf8 19. Rxf8+ Qxf8 20. Rf1 Qd8 21. Ngf7 Qe8 22. exd5 exd5 23. e4 Nf6 24. exd5 Nexd5 25. Rxf6 gxf6 26. Qxd5 fxe5 27. Nd6+ Kh8 28. Nxe8 Rxe8 29. Qxb7 c5 30. bxc6 a5 31. c7 Re7 32. c8Q+ Kg7 33. Qxe7+ Kg6 34. Qg4+ Kh6 35. Qf6# 1-0